Królowie elekcyjni Polski - Statystyki

Ogólne statystyki
  • Ten quiz został rozwiązany 123 razy
  • Średni wynik to 11 z 13
Statystyki odpowiedzi
data władzy nazwa króla % Poprawnych
1573-1575 Henryk III Walezy
98%
1576-1586 Stefan Batory
94%
1764-1795 Stanisław August Poniatowski
93%
1587-1632 Zygmunt III Waza
88%
1674-1696 Jan III Sobieski
86%
1734-1763 August III Sas
83%
1697-1704 August II Mocny
82%
1710-1733 August II Mocny
82%
1669-1673 Michał Korybut Wiśniowiecki
82%
1649-1668 Jan II Kazimierz
80%
1705-1709 Stanisław Leszczyński
79%
1734-1736 Stanisław Leszczyński
79%
1633-1648 Władysław IV Waza
77%
Nie znaleziono quizów pasujących do podanych kryteriów
Rozkład punktacji
Procent ludzi z każdym wynikiem
Percentyl według liczby udzielonych odpowiedzi
Twoja historia wyników
Nie rozwiązałeś tego quizu